00394nam a22001217a 4500008004100000040005500041080002200096245003600118260007100154300000900225500002300234650001500257230529b |||||||| |||| 00| 0 eng d aNational Science LibrarycNational Science Library a6.009.01(540)bK9 aTransfer of technology to India aNew Delhi: bNational Council of Applied Economic Research, c1969 a95p. aVol. II Appendices aTechnology